00399nam a2200133Ia 4500008004100000082001200041100001900053245004100072260001800113600001500131942000700146952009500153999001700248241002s9999 xx 000 0 und d a824 HUX aHuxley, Alsous 4aThe door of perception heaven a hell aLondon:c1960 aLiterature cUC 00104070aUITUbUITUd1994-01-01l0o824 HUXpUC561r2024-10-02 09:31:23w2024-10-02yUC c18888d18888